[Event "FRA-chT4 0506"]
[Site "Bretagne"]
[Date "2005.11.20"]
[Round "2"]
[White "Nello, Stephane"]
[Black "Le Barh, Thomas"]
[Result "0-1"]
[WhiteElo "1299"]
[BlackElo "1340"]
[PlyCount "120"]
[EventDate "2005.10.16"]
[EventType "team-tourn"]
[EventRounds "7"]
[EventCountry "FRA"]
[SourceTitle "EXT 2007"]
[Source "ChessBase"]
[SourceDate "2006.11.23"]
[SourceVersion "1"]
[SourceVersionDate "2006.11.23"]
[SourceQuality "1"]

1. d4 d5 2. b4 Bf5 3. a3 e6 4. Nd2 Nf6 5. c3 Bd6 6. Ngf3 0-0 7. Nb3 b6 8. g3 Nbd7 9. Bg2 e5 10. 0-0 e4 11. Ng5 Qe7 12. Be3 Ng4 13. Qd2 Ndf6 14. Rad1 Nxe3 15. fxe3 Bd7 16. Rf2 Ng4 17. Rff1 Qxg5 18. Rf4 Bxf4 19. exf4 Qh6 20. h3 Nf6 21. g4 Qh4 22. f5 g6 23. Rf1 h6 24. Qf4 Qg5 25. Qxc7 Qe3+ 26. Rf2 Ba4 27. Qe5 Qg5 28. h4 Qxh4 29. fxg6 fxg6 30. Nd2 Qg5 31. Qf4 Qxf4 32. Rxf4 Nd7 33. Rxf8+ Rxf8 34. c4 Bc6 35. b5 Bb7 36. a4 Rc8 37. cxd5 e3 38. Nb3 Kf7 39. a5 Rc3 40. Na1 Rc1+ 41. Kh2 Rxa1 42. axb6 axb6 43. Kg3 Ke7 44. d6+ Kxd6 45. Bxb7 Rb1 46. Bc6 Nb8 47. Be8 g5 48. Kf3 Kd5 49. Kxe3 Rb3+ 50. Kd2 Kxd4 51. e3+ Rxe3 52. Bg6 Rg3 53. Bh5 Rg2+ 54. Ke1 Ke3 55. Kf1 Rb2 56. Bg6 Ra2 57. Bb1 Ra1 58. Kg2 Rxb1 59. Kh2 Kf2 60. Kh3 Rh1# 0-1

[Event "FRA-chT3 0405"]
[Site "France"]
[Date "2005.03.13"]
[Round "7"]
[White "Nello, Stephane"]
[Black "Bacon, Flavien"]
[Result "0-1"]
[WhiteElo "1299"]
[BlackElo "1830"]
[PlyCount "52"]
[EventDate "2004.10.10"]
[EventType "team-tourn"]
[EventRounds "9"]
[EventCountry "FRA"]
[SourceTitle "EXT 2007"]
[Source "ChessBase"]
[SourceDate "2006.11.23"]
[SourceVersion "1"]
[SourceVersionDate "2006.11.23"]
[SourceQuality "1"]

1. e4 c5 2. Nc3 a6 3. Bc4 e6 4. b3 Nc6 5. Nf3 d6 6. d3 b5 7. Bxe6 Bxe6 8. 0-0 Be7 9. Be3 Nf6 10. Qd2 0-0 11. Rae1 Ne5 12. Ng5 Bd7 13. a3 h6 14. Nf3 Nxf3+ 15. gxf3 Bh3 16. Kh1 Bxf1 17. Rxf1 Kh7 18. Rg1 Rg8 19. Bg5 hxg5 20. Qxg5 g6 21. Rg3 Nh5 22. Qd5 Nxg3+ 23. fxg3 Kg7 24. f4 Qd7 25. e5 Qh3 26. exd6 Qf1# 0-1